000
00397nam a2200133Ia 4500
008
151001s9999||||xx |||||||||||||| ||und||
100
_a
कृष्णतीर्थ
245
_a
वैदिक गणित भाग १
250
_a
1
260
_b
"दिलीप दत्तात्रय कुलकर्णी ,पुणे"
260
_c
1982
300
_a
68
365
_b
21
999
_c
999359
_d
999356